000 00214nam a2200085Ia 4500
008 120527s9999 xx 000 0 und d
100 _aKAUFINAN, B.J.Hotchkiss
245 _aThe economics of labor markets
942 _cBK
999 _c25494
_d25494